00712nam a2200193Ia 450000500170000000800410001702000100005804000190006804100120008708200160009924500550011526000410017030000100021150402310022163000190045265000270047165100100049885000100050820230103133158.0131103s9999 xx 000 0 und d cRs 70 aLoreto College aEnglish a822.09bMOD aModern european dramab Background prose readings  aDelhibWorldviewn Publicationsc2006 a128p  aBrecht on Theatre, Bertolt Brecht; No more masterpieces, Antonin Artaud; On modern tragedy, George Steiner; Faith and a sense of truth, Stanslavski; The strange word Urb..., Jean Genet; Tragedy and revolution, Raymond Williams aEuropean Drama aEuropean Drama, Modern aDrama aLCLIB